| 000 | 01062nam a22002295i 4500 | ||
|---|---|---|---|
| 001 | 176096 | ||
| 003 | ES-MaACL | ||
| 005 | 20250901102219.0 | ||
| 008 | 101216s1970 sp |||| | spa d | ||
| 080 | _a658.87 | ||
| 100 | 1 |
_aBaptist, J. _9144340 |
|
| 245 | 1 | 0 |
_aCómo tener éxito en el comercio al por menor / _cpor J. Baptist y G. de Greef ; traductor: Federico L. Piñeiro. |
| 260 |
_aMadrid : _bIbérico Europea de Ediciones, _c1970. |
||
| 300 |
_a4 v. ; _c21 cm. |
||
| 505 | 8 | 0 | _aContiene: T.I: El comerciante del futuro ; La localización del comercio.- T.II: El almacén especializado ; Gestión de stock.- T.III: El arte de vender ; La promoción de ventas ; La publicidad.- T.IV: La contabilidad de gestión ; La gestión del personal ; Un diagnóstico completo |
| 594 | _aTít. original: Comment reussir dans le comerce de detail. | ||
| 650 | 0 | 7 |
_aComercio al por menor _2embne _911164 |
| 700 | 0 |
_aGreef, G. de. _9144341 |
|
| 700 | 1 |
_aPiñeiro, Federico L. _9144342 |
|
| 852 |
_aES-MaACL _j2273-F-2-5 _xOlim P-1798 |
||
| 999 |
_c176096 _d176096 |
||